logo

Bir Sreshtho Munshi Abdur Rouf Library
Jhenaidah Cadet College

Civil disobedience and other essays / (Record no. 2040)

MARC details
000 -LEADER
fixed length control field 00828nam a2200253 a 4500
001 - CONTROL NUMBER
JCCL Control Number 2040
003 - CONTROL NUMBER IDENTIFIER
JCCL marc code UkOxU
005 - DATE AND TIME OF LATEST TRANSACTION
control field 20171028202918.0
008 - FIXED-LENGTH DATA ELEMENTS--GENERAL INFORMATION
fixed length control field 931101s1993 nyu 000 0 eng d
020 ## - INTERNATIONAL STANDARD BOOK NUMBER
International Standard Book Number 0486275639
035 ## - SYSTEM CONTROL NUMBER
system control number (BD-JhCC)2040
040 ## - CATALOGING SOURCE
Original cataloging agency BD-JhCC
Modifying agency BD-JhCC
041 ## - LANGUAGE CODE
Language code of Book eng
082 ## - DEWEY DECIMAL CLASSIFICATION NUMBER
Classification number 814.3
DDC Edition number 20
Author mark and Year THO 1993
100 1# - MAIN ENTRY--PERSONAL NAME
Personal name Thoreau, Henry David,
Dates associated with a name 1817-1862.
245 10 - TITLE STATEMENT
Title Civil disobedience and other essays /
Statement of responsibility, etc Henry David Thoreau
260 ## - PUBLICATION, DISTRIBUTION, ETC. (IMPRINT)
Place of publication, distribution, etc New York :
Name of publisher, distributor, etc Dover Publications,
Date of publication, distribution, etc 1993
300 ## - PHYSICAL DESCRIPTION
Pagination v, 90 p. :
Dimensions 22cm.
490 0# - SERIES STATEMENT
Series statement Dover thrift editions
505 0# - FORMATTED CONTENTS NOTE
Formatted contents note Contents: Civil disobedience (1849) -- Slavery in Massachusetts (1854) -- A plea for Captain John Brown (1860) -- Walking (1862) -- Life without principle (1863)
650 ## - SUBJECT ADDED ENTRY--TOPICAL TERM
Topical term or geographic name as entry element Civil disobedience
942 ## - ADDED ENTRY ELEMENTS (KOHA)
Source of classification or shelving scheme Dewey Decimal Classification
Koha item type Books
Holdings
Source of classification or shelving scheme Damaged status Not for loan Home library Current library Shelving location Date of accession Total Checkouts Full call number Barcode Date last seen Copy number Koha item type
Dewey Decimal Classification     JCC Rouf Library JCC Rouf Library General Stacks 10/28/2017   814.3 THO 1993 3329 10/28/2017 C-1 Books

JCC Library | Contacts | JCC Home

Last Update on 23 September 2017
Copyright @ 2017-2020 JCC Rouf Library
Rouf Library, Jhenidah Cadet College (JCC), Bangladesh